Countries with the Best Internet - Statistics

General Stats
  • This quiz has been taken 19 times
  • The average score is 14 of 17
Answer Stats
Avg. speed (Mb/s) Country % Correct
16.9 United Kingdom
100%
18.7 United States
100%
16.2 Canada
94%
20.5 Finland
94%
20.4 France
94%
20.2 Japan
94%
23.5 Norway
94%
16.3 Belgium
89%
20.1 Denmark
89%
17.4 Netherlands
89%
28.6 South Korea
89%
22.5 Sweden
89%
21.9 Switzerland
83%
16.9 Taiwan
72%
16.9 Czech Republic
56%
17.0 Romania
50%
16.6 Latvia
44%
No matching quizzes found
Score Distribution
Percent of People with Each Score
Percentile by Number Answered
Your Score History
You have not taken this quiz